Online Catalogue and eLibrary

Gender and ICT's for Development: (Record no. 1571)

MARC details
000 -LEADER
fixed length control field 00538nam a2200193Ia 4500
005 - DATE AND TIME OF LATEST TRANSACTION
control field 20250115033548.0
008 - FIXED-LENGTH DATA ELEMENTS--GENERAL INFORMATION
fixed length control field 240331s9999 xx 000 0 und d
020 ## - INTERNATIONAL STANDARD BOOK NUMBER
ISBN 9068327283
082 ## - DDC Classification
Item Number - Author Mark GEN
DDC Edition Number 1954
Class No. 305.3
100 ## - MAIN ENTRY--PERSONAL NAME
Personal name Gender, Society & Development
245 #0 - TITLE STATEMENT
Title Gender and ICT's for Development:
Remainder of title A Global Sourcebook
260 ## - PUBLICATION, DISTRIBUTION, ETC.
Place of publication, distribution, etc. Amsterdam
Name of publisher, distributor, etc. KIT (Royal Tropical Institute)
Date of publication, distribution, etc. 2005
260 ## - PUBLICATION, DISTRIBUTION, ETC.
Place of publication, distribution, etc. Oxford
Name of publisher, distributor, etc. Oxfam Publishing
Date of publication, distribution, etc. 2005
300 ## - PHYSICAL DESCRIPTION
Extent (e.g. Volumes, Pages etc.) 143 p.,
650 ## - SUBJECT ADDED ENTRY--TOPICAL TERM
Topical term or geographic name entry element Gender
650 ## - SUBJECT ADDED ENTRY--TOPICAL TERM
Topical term or geographic name entry element Development
650 ## - SUBJECT ADDED ENTRY--TOPICAL TERM
Topical term or geographic name entry element Women
942 ## - Koha item type (Biblio)
Koha item type Books in Stacks (Lending)
Holdings
Lost status Damaged status Collection code Home library Current library Shelving location Date acquired Full call number Accession Number Item type
    Lending WERC Library WERC Library Social Science Cupboard 03/31/2024 305.3 GEN 1954 Books in Stacks (Lending)

© WERC Library